| 000 | 00378cam a2200145ua 4500 | ||
|---|---|---|---|
| 041 |
_aeng _h |
||
| 082 |
_a671.25 _bLIP?ME |
||
| 100 | _aLipnintsky, A . | ||
| 245 |
_aMelting of Cast Iron and Non-Ferrous Allogs / _cA Lipnintsky. _hTextual Documents |
||
| 260 |
_aMoscow : _bPeace Publishing , _c1958. |
||
| 300 | _a219 ; . | ||
| 504 | _a | ||
| 942 | _cBK | ||
| 999 |
_c3236 _d3236 |
||